000
00259nam a22000857a 4500
008
160718b xxu||||| |||| 00| 0 eng d
100
_9
2988
_a
Monsingh, R
245
_a
Kids's Recipe for Pizza, Paisa, Peace
260
_a
Chennai
_b
Evangelical Literature Service
_c
2004
999
_c
2551
_d
2551